LIBRARY & INFORMATION CENTRE, KCAET, TAVANUR

ONLINE PUBLIC ACCESS CATALOGUE (OPAC)

Trace Elements in Indian Agriculture / (Record no. 10903)

MARC details
000 -LEADER
fixed length control field 00294cam a2200109ua 4500
082 ## - DEWEY DECIMAL CLASSIFICATION NUMBER
Classification number 016.6318
Item number SOM/TR
100 ## - MAIN ENTRY--AUTHOR NAME
Personal name Somani, L. L .
245 ## - TITLE STATEMENT
Title Trace Elements in Indian Agriculture /
260 ## - PUBLICATION, DISTRIBUTION, ETC. (IMPRINT)
Place of publication New Delhi :
Name of publisher Agricole Publishing Academy ,
Year of publication 1982.
300 ## - PHYSICAL DESCRIPTION
Number of Pages 276 ; .
942 ## - ADDED ENTRY ELEMENTS (KOHA)
Koha item type Reference
Holdings
Withdrawn status Lost status Damaged status Collection code Home library Current library Shelving location Date acquired Full call number Accession Number Koha item type
      General Books KAUAET KAUAET General Stacks 07/04/2012 631.41 SOM/TR 14475 Books
free website counter